<?xml version="1.0" encoding="UTF-8"?>
<record
    xmlns:xsi="http://www.w3.org/2001/XMLSchema-instance"
    xsi:schemaLocation="http://www.loc.gov/MARC21/slim http://www.loc.gov/standards/marcxml/schema/MARC21slim.xsd"
    xmlns="http://www.loc.gov/MARC21/slim">

  <leader>02325nam a2200301 a 4500</leader>
  <controlfield tag="001">000022390</controlfield>
  <controlfield tag="003">OSt</controlfield>
  <controlfield tag="005">20240409073640.0</controlfield>
  <controlfield tag="008">101007t1999    dr acd        001 0 spa d</controlfield>
  <datafield tag="020" ind1=" " ind2=" ">
    <subfield code="a">9768175478</subfield>
  </datafield>
  <datafield tag="040" ind1=" " ind2=" ">
    <subfield code="a">DO-SdBNP</subfield>
    <subfield code="b">spa</subfield>
    <subfield code="c">BNPHU</subfield>
  </datafield>
  <datafield tag="082" ind1=" " ind2=" ">
    <subfield code="a">972.93053</subfield>
    <subfield code="b">C794a, 1999</subfield>
  </datafield>
  <datafield tag="100" ind1="1" ind2=" ">
    <subfield code="a">Cordero Michel, Jos&#xE9; R.,   </subfield>
    <subfield code="d">1931-1959</subfield>
    <subfield code="9">46170</subfield>
  </datafield>
  <datafield tag="245" ind1="1" ind2="0">
    <subfield code="a">An&#xE1;lisis de la Era de Trujillo :</subfield>
    <subfield code="b">informe sobre la Rep&#xFA;blica Dominicana, 1959 /</subfield>
    <subfield code="c">Jos&#xE9; R. Cordero Michel ; presentaci&#xF3;n Roberto Cass&#xE1;.</subfield>
  </datafield>
  <datafield tag="250" ind1=" " ind2=" ">
    <subfield code="a">7&#xAA; ed.</subfield>
  </datafield>
  <datafield tag="260" ind1=" " ind2=" ">
    <subfield code="a">Santo Domingo :</subfield>
    <subfield code="b">Ediciones Librer&#xED;a La Trinitaria,</subfield>
    <subfield code="c">1999.</subfield>
    <subfield code="f">B&#xFA;ho</subfield>
  </datafield>
  <datafield tag="300" ind1=" " ind2=" ">
    <subfield code="a">135 p. :</subfield>
    <subfield code="b">il., gr&#xE1;fcs., retr. ;</subfield>
    <subfield code="c">22 cm.</subfield>
  </datafield>
  <datafield tag="500" ind1=" " ind2=" ">
    <subfield code="a">Incluye datos biogr&#xE1;ficos del autor en la solapa.</subfield>
  </datafield>
  <datafield tag="500" ind1=" " ind2=" ">
    <subfield code="a">Incluye referencias bibliogr&#xE1;ficas y notas al pie de las p&#xE1;ginas.</subfield>
  </datafield>
  <datafield tag="504" ind1=" " ind2=" ">
    <subfield code="a">Bibliograf&#xED;a : p. 131-135.</subfield>
  </datafield>
  <datafield tag="505" ind1="0" ind2=" ">
    <subfield code="g">Presentaci&#xF3;n /</subfield>
    <subfield code="r">Roberto Cass&#xE1; --</subfield>
    <subfield code="g">Situaci&#xF3;n Pol&#xED;tica :</subfield>
    <subfield code="t">Instituciones pol&#xED;ticas --</subfield>
    <subfield code="t">Bases econ&#xF3;micas y sociales del r&#xE9;gimen --</subfield>
    <subfield code="t">Algunos m&#xE9;todos y t&#xE9;cnicas de gobierno --</subfield>
    <subfield code="t">El terror y la vigilancia polic&#xED;aca --</subfield>
    <subfield code="t">La propaganda pol&#xED;tica --</subfield>
    <subfield code="t">Encuadramiento pol&#xED;tico --</subfield>
    <subfield code="t">Sindicatos --</subfield>
    <subfield code="t">Organizaciones juveniles --</subfield>
    <subfield code="t">Organizaciones religiosas --</subfield>
    <subfield code="t">Actualidad pol&#xED;tica y situaci&#xF3;n internacional --</subfield>
    <subfield code="g">Situaci&#xF3;n Econ&#xF3;mica :</subfield>
    <subfield code="t">La agricultura --</subfield>
    <subfield code="t">R&#xE9;gimen agrario --</subfield>
    <subfield code="t">Producci&#xF3;n agr&#xED;cola --</subfield>
    <subfield code="t">Capitalizaci&#xF3;n agr&#xED;cola --</subfield>
    <subfield code="t">Condici&#xF3;n del campesinado --</subfield>
    <subfield code="t">Industria y manufacturas --</subfield>
    <subfield code="t">El mercado nacional --</subfield>
    <subfield code="t">Formaci&#xF3;n de capital productivo --</subfield>
    <subfield code="t">Instituciones de desarrollo econ&#xF3;mico --</subfield>
    <subfield code="t">Condici&#xF3;n del proletariado --</subfield>
    <subfield code="t">Comercio exterior --</subfield>
    <subfield code="t">Finanzas del Estado --</subfield>
    <subfield code="t">Sistema Bancario --</subfield>
    <subfield code="g">Situaci&#xF3;n Cultural :</subfield>
    <subfield code="t">Estructura del sistema de ense&#xF1;anza --</subfield>
    <subfield code="t">Educaci&#xF3;n primaria --</subfield>
    <subfield code="t">Educaci&#xF3;n Secundaria --</subfield>
    <subfield code="t">Educaci&#xF3;n Superior --</subfield>
    <subfield code="t">Educaci&#xF3;n Vocacional --</subfield>
    <subfield code="t">Educaci&#xF3;n de maestros --</subfield>
    <subfield code="t">Educaci&#xF3;n Fundamental --</subfield>
    <subfield code="t">Orientaci&#xF3;n de la Ense&#xF1;anza --</subfield>
    <subfield code="t">La situaci&#xF3;n del intelectual.</subfield>
    <subfield code="g">Conclusiones --</subfield>
    <subfield code="g">Bibliograf&#xED;a.</subfield>
  </datafield>
  <datafield tag="590" ind1=" " ind2=" ">
    <subfield code="a">Inventariado, 2020/BT</subfield>
  </datafield>
  <datafield tag="650" ind1=" " ind2="4">
    <subfield code="a">Educaci&#xF3;n</subfield>
    <subfield code="z">Rep&#xFA;blica Dominicana</subfield>
    <subfield code="x">Historia</subfield>
    <subfield code="y">ERA DE TRUJILLO, 1930-1961</subfield>
    <subfield code="9">46171</subfield>
  </datafield>
  <datafield tag="651" ind1=" " ind2="4">
    <subfield code="a">Rep&#xFA;blica Dominicana</subfield>
    <subfield code="x">Pol&#xED;tica Y Gobierno</subfield>
    <subfield code="y">ERA DE TRUJILLO, 1930-1961</subfield>
    <subfield code="9">1374</subfield>
  </datafield>
  <datafield tag="700" ind1="1" ind2=" ">
    <subfield code="a">Cass&#xE1;, Roberto, </subfield>
    <subfield code="d">1948-</subfield>
    <subfield code="9">10888</subfield>
  </datafield>
  <datafield tag="910" ind1=" " ind2=" ">
    <subfield code="a">Validado. Control de calidad EMS.</subfield>
  </datafield>
  <datafield tag="942" ind1=" " ind2=" ">
    <subfield code="2">ddc</subfield>
    <subfield code="c">LBS1</subfield>
  </datafield>
  <datafield tag="952" ind1=" " ind2=" ">
    <subfield code="0">0</subfield>
    <subfield code="1">0</subfield>
    <subfield code="5">4</subfield>
    <subfield code="7">0</subfield>
    <subfield code="8">DS</subfield>
    <subfield code="a">GR</subfield>
    <subfield code="b">GR</subfield>
    <subfield code="c">HD</subfield>
    <subfield code="d">2010-10-07</subfield>
    <subfield code="i">LF1</subfield>
    <subfield code="l">0</subfield>
    <subfield code="o">972.93053 C794a, 1999</subfield>
    <subfield code="p">22390-40</subfield>
    <subfield code="r">2020-06-25</subfield>
    <subfield code="t">e. 4</subfield>
    <subfield code="w">2020-06-25</subfield>
    <subfield code="y">LFDS</subfield>
    <subfield code="Z">Pr&#xE9;stamo en sala</subfield>
  </datafield>
  <datafield tag="952" ind1=" " ind2=" ">
    <subfield code="0">0</subfield>
    <subfield code="1">0</subfield>
    <subfield code="5">4</subfield>
    <subfield code="7">0</subfield>
    <subfield code="8">DS</subfield>
    <subfield code="a">GR</subfield>
    <subfield code="b">GR</subfield>
    <subfield code="c">HD</subfield>
    <subfield code="d">2010-10-07</subfield>
    <subfield code="i">LF1</subfield>
    <subfield code="l">0</subfield>
    <subfield code="o">972.93053 C794a, 1999</subfield>
    <subfield code="p">22390-30</subfield>
    <subfield code="r">2020-06-25</subfield>
    <subfield code="t">e. 3</subfield>
    <subfield code="w">2020-06-25</subfield>
    <subfield code="y">LFDS</subfield>
    <subfield code="Z">Pr&#xE9;stamo en sala</subfield>
  </datafield>
  <datafield tag="952" ind1=" " ind2=" ">
    <subfield code="0">0</subfield>
    <subfield code="1">0</subfield>
    <subfield code="7">1</subfield>
    <subfield code="8">PD</subfield>
    <subfield code="a">PD</subfield>
    <subfield code="b">PD</subfield>
    <subfield code="c">HD</subfield>
    <subfield code="d">2010-10-07</subfield>
    <subfield code="i">LF1</subfield>
    <subfield code="l">0</subfield>
    <subfield code="o">972.93053 C794a, 1999</subfield>
    <subfield code="p">22390-10</subfield>
    <subfield code="r">2020-06-25</subfield>
    <subfield code="w">2020-06-25</subfield>
    <subfield code="y">LFPD</subfield>
    <subfield code="Z">No se presta</subfield>
  </datafield>
  <datafield tag="952" ind1=" " ind2=" ">
    <subfield code="0">0</subfield>
    <subfield code="1">0</subfield>
    <subfield code="7">1</subfield>
    <subfield code="8">PD</subfield>
    <subfield code="a">PD</subfield>
    <subfield code="b">PD</subfield>
    <subfield code="c">HD</subfield>
    <subfield code="d">2010-10-07</subfield>
    <subfield code="i">LF1</subfield>
    <subfield code="l">0</subfield>
    <subfield code="o">972.93053 C794a, 1999</subfield>
    <subfield code="p">22390-20</subfield>
    <subfield code="r">2020-06-25</subfield>
    <subfield code="w">2020-06-25</subfield>
    <subfield code="y">LFPD</subfield>
    <subfield code="Z">No se presta</subfield>
  </datafield>
  <datafield tag="999" ind1=" " ind2=" ">
    <subfield code="c">21888</subfield>
    <subfield code="d">21888</subfield>
  </datafield>
</record>
